000 00695nam a2200241 4500
003 OSt
005 20260530115306.0
008 260512b enka|||| |||| 00| 0 eng d
040 _aICI
_bspa
_cICI
041 _aeng
050 _aNK2715
_bH33
245 1 0 _aHabitat The Collection
264 1 _aLondon :
_bHabitat,
_c2002
300 _a72 páginas :
_bilustraciones
336 _atexto
_2rdacontent
337 _asin medio
_2rdamedia
338 _avolumen
_2rdacarrier
490 _aCollection Spring ;
_vsummer 20
610 _aHabitat (Empresa)
_vCatálogos
650 4 _aMuebles de oficina
_vCatálogos
_931925
650 4 _aDiseño de mobiliario para oficinas
_931926
942 _2ddc
_cBK
_n1
999 _c13082
_d13082